[Event "MPL Indian Chess Tour #1"]
[Site "chess24.com INT"]
[Date "2022.03.31"]
[Round "4.7"]
[White "Adhiban, Baskaran"]
[Black "Mendonca, Leon Luke"]
[Result "0-1"]
[WhiteTitle "GM"]
[BlackTitle "GM"]
[WhiteElo "2648"]
[BlackElo "2536"]
[WhiteFideId "5018471"]
[BlackFideId "35028561"]
[EventDate "2022.03.31"]

1. e4 c5 2. Nf3 d6 3. Bb5+ Bd7 4. c4 Nf6 5. Nc3 g6 6. Bxd7+ Qxd7 7. d4 cxd4 8.
Qxd4 Nc6 9. Qd3 Bg7 10. O-O O-O 11. h3 Rac8 12. Be3 Qd8 13. b3 Nd7 14. Rac1 Re8
15. Rfd1 Qa5 16. Nd4 a6 17. Nxc6 bxc6 18. Na4 Nc5 19. Nxc5 dxc5 20. Qd2 Qb6 21.
h4 Rcd8 22. Qe2 Rxd1+ 23. Rxd1 Bd4 24. e5 Rd8 25. Bh6 Qc7 26. g3 Qd7 27. Kg2 Qf5
28. Bg5 Re8 29. Qf3 Qxe5 30. Qxc6 Rd8 31. Qf3 f6 32. Bh6 Kf7 33. Bf4 Qf5 34. g4
Qe6 35. Rd2 Rc8 36. Be3 Bxe3 37. Re2 Qc6 38. Rxe3 Qxf3+ 39. Kxf3 Rd8 40. Ke2 Rd4
41. f3 e5 42. Rd3 Rxd3 43. Kxd3 f5 44. a3 a5 45. Kc3 Ke6 46. b4 cxb4+ 47. axb4
a4 48. gxf5+ gxf5 49. b5 e4 50. fxe4 fxe4 51. b6 Kd6 0-1

[Event "MPL Indian Chess Tour #1"]
[Site "chess24.com INT"]
[Date "2022.04.01"]
[Round "5.3"]
[White "Narayanan, S.L."]
[Black "Adhiban, Baskaran"]
[Result "1-0"]
[WhiteTitle "GM"]
[BlackTitle "GM"]
[WhiteElo "2658"]
[BlackElo "2648"]
[WhiteFideId "5058422"]
[BlackFideId "5018471"]
[EventDate "2022.03.31"]

1. d4 d5 2. Nf3 Nf6 3. c4 dxc4 4. e3 Bg4 5. Bxc4 e6 6. h3 Bh5 7. Nc3 c5 8. d5
exd5 9. Nxd5 Nxd5 10. Qxd5 Qxd5 11. Bxd5 Nc6 12. Bxc6+ bxc6 13. Bd2 O-O-O 14.
Ne5 Kb7 15. g4 Bg6 16. Nxg6 hxg6 17. Bc3 f6 18. Ke2 Bd6 19. f4 c4 20. Rad1 c5
21. Kf3 Kc6 22. h4 Rh7 23. Rh3 Rdh8 24. Rdh1 f5 25. h5 Kd5 26. Rd1+ Ke6 27.
gxf5+ gxf5 28. Rg3 Bf8 29. Rg6+ Kf7 30. Rd7+ Be7 31. Be5 Rg8 32. Ra6 1-0

[Event "MPL Indian Chess Tour #1"]
[Site "chess24.com INT"]
[Date "2022.04.01"]
[Round "5.5"]
[White "Aryan, Chopra"]
[Black "Sankalp, Gupta"]
[Result "1-0"]
[WhiteTitle "GM"]
[BlackTitle "GM"]
[WhiteElo "2585"]
[BlackElo "2536"]
[WhiteFideId "5084423"]
[BlackFideId "5097010"]
[EventDate "2022.03.31"]

1. c4 e5 2. Nc3 Nf6 3. Nf3 Nc6 4. e4 Bc5 5. Nxe5 Nxe5 6. d4 Bb4 7. dxe5 Nxe4 8.
Qf3 Nxc3 9. bxc3 Ba5 10. Bf4 O-O 11. O-O-O Qe7 12. Kb2 Rb8 13. Qe3 b5 14. c5 b4
15. c4 b3 16. a3 f6 17. Bd3 fxe5 18. Bxe5 Bb7 19. f4 d6 20. Qh3 h6 21. cxd6 Qf7
22. d7 Bc6 23. Qg4 Rbd8 24. Bf5 Kh8 25. Be6 Qe7 26. Qg6 Rf6 27. Bxf6 Qxf6+ 28.
Qxf6 gxf6 29. c5 Kg7 30. h4 1-0

[Event "MPL Indian Chess Tour #1"]
[Site "chess24.com INT"]
[Date "2022.04.01"]
[Round "5.8"]
[White "Gupta, Abhijeet"]
[Black "Iniyan, P"]
[Result "1-0"]
[WhiteTitle "GM"]
[BlackTitle "GM"]
[WhiteElo "2628"]
[BlackElo "2516"]
[WhiteFideId "5010608"]
[BlackFideId "25002767"]
[EventDate "2022.03.31"]

1. d4 Nf6 2. Bf4 d5 3. e3 c5 4. Nf3 Nc6 5. Nbd2 Bf5 6. dxc5 e6 7. b4 Nxb4 8.
Bb5+ Nc6 9. Nd4 Qa5 10. O-O Bxc5 11. N2b3 Qb6 12. Nxc5 Qxc5 13. Be5 Bg6 14. Qf3
Nd7 15. Bxc6 bxc6 16. Qg3 Nxe5 17. Qxe5 O-O 18. h4 Rfe8 19. h5 f6 20. Qh2 Bf7
21. h6 e5 22. Nf5 g6 23. Ng7 Reb8 24. Qh4 Qe7 25. f4 Rb4 26. Rab1 Rab8 27. Rxb4
Rxb4 28. a3 Rb2 29. Qg4 exf4 30. exf4 f5 31. Nxf5 Qe6 32. Qg5 Rb8 33. Ng7 Qe3+
34. Kh2 d4 35. Nf5 Qe2 36. Qf6 Kf8 37. Qh8+ Bg8 38. Qg7+ Ke8 39. Qxg8+ Kd7 40.
Qxh7+ 1-0

[Event "MPL Indian Chess Tour #1"]
[Site "chess24.com INT"]
[Date "2022.04.01"]
[Round "6.1"]
[White "Sethuraman, S.P."]
[Black "Iniyan, P"]
[Result "1-0"]
[WhiteTitle "GM"]
[BlackTitle "GM"]
[WhiteElo "2619"]
[BlackElo "2516"]
[WhiteFideId "5021596"]
[BlackFideId "25002767"]
[EventDate "2022.03.31"]

1. e4 e5 2. Nf3 Nc6 3. Bc4 Bc5 4. d3 Nf6 5. c3 d6 6. a4 a6 7. h3 Ba7 8. Bg5 h6
9. Bh4 g5 10. Bg3 Nh5 11. Nbd2 Qf6 12. Qe2 Be6 13. Bh2 Nf4 14. Bxf4 gxf4 15. g4
fxg3 16. fxg3 O-O-O 17. O-O-O d5 18. exd5 Bxd5 19. Rhf1 Qe6 20. g4 Bxc4 21. dxc4
f5 22. Nh4 fxg4 23. hxg4 Na5 24. Nf5 Kb8 25. b4 Nc6 26. Ne4 Rxd1+ 27. Rxd1 h5
28. Rh1 Qc8 29. Kc2 hxg4 30. Rxh8 Qxh8 31. Qxg4 Qe8 32. Kb3 Qe6 33. Ne3 Qxg4 34.
Nxg4 Kc8 35. c5 b5 36. cxb6 cxb6 37. Kc4 Bb8 38. Kd5 Ne7+ 39. Ke6 Nc6 40. Ngf6
Bc7 41. Kd5 Ne7+ 42. Ke6 Nc6 43. Nd5 Nd8+ 44. Ke7 Nc6+ 45. Ke6 Nd8+ 46. Kf6 Nc6
47. Kf5 b5 48. Nxc7 Kxc7 49. a5 Kd7 50. Nc5+ Kd6 51. Nxa6 Kd5 52. Nc5 Ne7+ 53.
Kg4 Kc4 54. Ne4 Kd3 55. a6 Nc6 56. Kf5 Ke3 57. Nd6 Kd3 58. Ne4 Ke3 59. Nf6 Kd3
60. Nd5 e4 61. Ke6 Kc4 62. Kd6 Na7 63. Ke5 Kd3 64. Ke6 Kc4 65. Kd6 Nc8+ 66. Kc7
Na7 67. Nf4 Kxc3 68. Kb7 Kxb4 69. Kxa7 1-0

[Event "MPL Indian Chess Tour #1"]
[Site "chess24.com INT"]
[Date "2022.04.01"]
[Round "6.2"]
[White "Lalith, Babu M R"]
[Black "Gupta, Abhijeet"]
[Result "1/2-1/2"]
[WhiteTitle "GM"]
[BlackTitle "GM"]
[WhiteElo "2558"]
[BlackElo "2628"]
[WhiteFideId "5024595"]
[BlackFideId "5010608"]
[EventDate "2022.03.31"]

1. d4 Nf6 2. c4 g6 3. g3 c6 4. Bg2 d5 5. Nf3 Bg7 6. O-O O-O 7. Qb3 dxc4 8. Qxc4
Bf5 9. Nc3 Nbd7 10. Re1 Ne4 11. Qb3 Qa5 12. Bf4 Nb6 13. Be5 Be6 14. Qc2 Nxc3 15.
bxc3 Qa4 16. Qxa4 Nxa4 17. Bxg7 Kxg7 18. Rec1 Bd5 19. Ne5 Bxg2 20. Kxg2 f6 21.
Nd3 Rfd8 22. Rab1 b5 23. c4 Rxd4 24. cxb5 cxb5 25. Rxb5 Nb6 26. Rc7 Kf7 27. Ra5
Rd7 28. Rxd7 Nxd7 29. Kf3 a6 30. Ke4 Ra7 31. h4 Ke6 32. h5 g5 33. g4 Nb8 34. f4
gxf4 35. Nxf4+ Kf7 36. g5 fxg5 37. Rf5+ Ke8 38. Rxg5 Nd7 39. Rg7 Nf6+ 40. Kf5
Rb7 41. e4 Rb4 42. Nd5 Nxd5 43. exd5 Ra4 44. d6 exd6 45. Ke6 Kf8 46. Rxh7 Rxa2
47. Kxd6 Kg8 48. Ra7 Rh2 49. Rxa6 Rxh5 50. Ra7 Rh7 51. Rxh7 Kxh7 1/2-1/2

[Event "MPL Indian Chess Tour #1"]
[Site "chess24.com INT"]
[Date "2022.04.01"]
[Round "6.3"]
[White "Puranik, Abhimanyu"]
[Black "Sadhwani, Raunak"]
[Result "1-0"]
[WhiteTitle "GM"]
[BlackTitle "GM"]
[WhiteElo "2618"]
[BlackElo "2616"]
[WhiteFideId "5061245"]
[BlackFideId "35093487"]
[EventDate "2022.03.31"]

1. e4 e5 2. Nf3 Nc6 3. Bb5 Nf6 4. d3 Bc5 5. Bxc6 dxc6 6. Nbd2 Be6 7. O-O Nd7 8.
Nb3 Bb6 9. Ng5 Nf8 10. Nxe6 Nxe6 11. a4 a6 12. a5 Ba7 13. Be3 Qf6 14. Nd2 Bd4
15. Nc4 O-O-O 16. c3 Bxe3 17. fxe3 Qe7 18. Nxe5 f6 19. Nf3 c5 20. d4 Nf8 21. Nd2
Kb8 22. Qb3 Ne6 23. Qc4 Ng5 24. Rf4 Rhe8 25. b4 cxb4 26. cxb4 Ne6 27. Rf2 Ng5
28. Rf4 Ne6 29. Rf2 Ng5 30. b5 axb5 31. Qxb5 Nxe4 32. Nxe4 Qxe4 33. Rb1 Rd6 34.
h3 Re7 35. Kh1 Qd5 36. Qd3 Qxa5 37. Qxh7 Qd5 38. Ra1 Rxe3 39. Rf5 Qe4 40. Qg8+
Qe8 41. Qxg7 Re1+ 42. Rxe1 Qxe1+ 43. Kh2 Qe6 44. Qf8+ Ka7 45. Rc5 Qe4 46. Rxc7
Qxd4 47. Qg7 Qe5+ 48. Qg3 Qxg3+ 49. Kxg3 Ka6 50. Kg4 b5 51. Kf5 b4 52. Rc1 Kb5
53. g4 Rc6 54. Rb1 Rc3 55. h4 Rf3+ 56. Ke4 Rh3 57. h5 b3 58. Kf5 Rf3+ 59. Kg6
Kb4 60. h6 Rh3 61. h7 Rh4 62. Rg1 1-0

[Event "MPL Indian Chess Tour #1"]
[Site "chess24.com INT"]
[Date "2022.04.01"]
[Round "6.6"]
[White "Adhiban, Baskaran"]
[Black "Karthikeyan, Murali"]
[Result "1-0"]
[WhiteTitle "GM"]
[BlackTitle "GM"]
[WhiteElo "2648"]
[BlackElo "2622"]
[WhiteFideId "5018471"]
[BlackFideId "5074452"]
[EventDate "2022.03.31"]

1. e4 e5 2. Nc3 Nc6 3. Bc4 Nf6 4. d3 Na5 5. Qf3 d6 6. h3 Be7 7. Nge2 Nxc4 8.
dxc4 Be6 9. b3 c6 10. O-O Qd7 11. Ng3 Rd8 12. Rd1 O-O 13. Bg5 h6 14. Be3 b6 15.
a4 d5 16. cxd5 cxd5 17. exd5 Nxd5 18. Nh5 Qc6 19. Qg3 g6 20. Nxd5 Rxd5 21. Bxh6
Rfd8 22. Rxd5 Qxd5 23. Bg5 Bxg5 24. Qxg5 Kf8 25. Qh6+ Ke7 26. Qg5+ Kf8 27. Nf6
Qd2 28. Qxe5 Qxc2 29. Nh7+ Kg8 30. Nf6+ Kf8 31. b4 Qf5 32. Nh7+ Kg8 33. Nf6+ Kf8
34. f4 Qxe5 35. fxe5 Rd4 36. b5 Ke7 37. a5 Bc4 38. axb6 axb6 39. Ra6 Bxb5 40.
Rxb6 Bc4 41. Rb4 Rd1+ 42. Kf2 Rf1+ 43. Ke3 Ba2 44. Rb6 Re1+ 45. Kf4 Rf1+ 46. Ke3
Re1+ 47. Kf4 Rf1+ 48. Kg3 Rf5 49. Ng4 Be6 50. Rb7+ Kf8 51. Rb8+ Ke7 52. Rb5 Bd7
53. Rc5 Ke6 54. h4 Ke7 55. Ne3 Rh5 56. Nd5+ 1-0

[Event "MPL Indian Chess Tour #1"]
[Site "chess24.com INT"]
[Date "2022.04.01"]
[Round "6.7"]
[White "Harika, Dronavalli"]
[Black "Narayanan, S.L."]
[Result "1/2-1/2"]
[WhiteTitle "GM"]
[BlackTitle "GM"]
[WhiteElo "2517"]
[BlackElo "2658"]
[WhiteFideId "5015197"]
[BlackFideId "5058422"]
[EventDate "2022.03.31"]

1. c4 e6 2. Nc3 d5 3. d4 Be7 4. Nf3 Nf6 5. g3 O-O 6. Bg2 c6 7. O-O a5 8. Qd3 b6
9. b3 Ba6 10. Ne5 Nfd7 11. Nf3 a4 12. Bf4 b5 13. Qc2 bxc4 14. Nxa4 Nb6 15. Nc5
N8d7 16. Nxa6 Rxa6 17. Nd2 Bb4 18. bxc4 Bxd2 19. Bxd2 Nxc4 20. Bb4 Re8 21. Rfb1
Qc7 22. e4 Qa7 23. Bf1 Qxd4 24. Rd1 Qa7 25. Bxc4 dxc4 26. Qxc4 Ra8 27. Qd3 Nf6
28. Qd8+ Ne8 29. Qe7 Qxe7 30. Bxe7 f6 31. a3 Nc7 32. Rac1 e5 33. Rd6 Re8 34. Rd7
Ne6 35. Bc5 Rd8 36. Re7 Nxc5 37. Rxc5 h5 38. Rc3 Rda8 39. Rc7 Ra4 40. R7xc6 Rxe4
41. h4 Kh7 42. Rb6 Ra7 43. Rb2 Re1+ 44. Kg2 Ra1 45. Rbb3 Kg6 46. Re3 Ra4 47.
Rec3 Ra7 48. Re3 Ra2 49. Rec3 Kh6 50. Re3 Ra4 51. Rec3 Ra8 52. Re3 Ra7 53. Rec3
Ra4 54. Re3 Ra6 55. Rec3 g5 56. hxg5+ Kxg5 57. Re3 Ra4 58. Rf3 Ra6 59. Rfe3 Rd6
60. Rf3 Ra6 61. Rfe3 1/2-1/2

[Event "MPL Indian Chess Tour #1"]
[Site "chess24.com INT"]
[Date "2022.04.01"]
[Round "7.1"]
[White "Mendonca, Leon Luke"]
[Black "Sethuraman, S.P."]
[Result "1-0"]
[WhiteTitle "GM"]
[BlackTitle "GM"]
[WhiteElo "2536"]
[BlackElo "2619"]
[WhiteFideId "35028561"]
[BlackFideId "5021596"]
[EventDate "2022.03.31"]

1. d4 d5 2. Nf3 Nf6 3. c4 e6 4. Nc3 c6 5. e3 Nbd7 6. Qc2 b6 7. Bd3 Bb7 8. O-O
dxc4 9. Bxc4 a6 10. Rd1 c5 11. d5 exd5 12. Nxd5 b5 13. Nxf6+ Qxf6 14. Bd5 Bxd5
15. Rxd5 Be7 16. e4 Qe6 17. Be3 O-O 18. Rad1 Rad8 19. Ng5 Qc6 20. e5 g6 21. Qe4
Bxg5 22. Bxg5 Rde8 23. Qf4 f6 24. Rd6 Qc8 25. exf6 Ne5 26. h3 Nf7 27. Rd7 Qc6
28. h4 Re4 29. Qg3 Rfe8 30. Kh2 Qe6 31. Re7 Qf5 32. Rdd7 R4xe7 33. Rxe7 Rf8 34.
Qf4 Qxf4+ 35. Bxf4 Rc8 36. Ra7 c4 37. a3 h6 38. Rxa6 g5 39. hxg5 hxg5 40. Be3
Rd8 41. Ra7 Rd5 42. g3 Rf5 43. Rb7 g4 44. Kg2 Kf8 45. Rb8+ 1-0

[Event "MPL Indian Chess Tour #1"]
[Site "chess24.com INT"]
[Date "2022.04.01"]
[Round "7.2"]
[White "Narayanan, S.L."]
[Black "Ganguly, Surya Shekhar"]
[Result "1-0"]
[WhiteTitle "GM"]
[BlackTitle "GM"]
[WhiteElo "2658"]
[BlackElo "2609"]
[WhiteFideId "5058422"]
[BlackFideId "5002150"]
[EventDate "2022.03.31"]

1. c4 Nf6 2. Nc3 e6 3. e3 d5 4. d4 Be7 5. cxd5 exd5 6. Bd3 O-O 7. Nge2 Re8 8.
O-O Bd6 9. Nf4 c6 10. f3 Qc7 11. Kh1 Nbd7 12. Qd2 Bxf4 13. exf4 c5 14. b3 c4 15.
bxc4 dxc4 16. Be4 Rb8 17. a4 a6 18. f5 b5 19. axb5 axb5 20. Qg5 Qb6 21. Bf4 Qxd4
22. Bxb8 Qxc3 23. Bc6 b4 24. Rac1 Qd4 25. Qf4 Qb6 26. Bxd7 Bxd7 27. Bc7 Qa6 28.
Be5 Bb5 29. Rfe1 Rc8 30. h4 h6 31. Red1 b3 32. Bc3 Kh7 33. Rd6 Rc6 34. Rd8 Rc8
35. Rcd1 Qa8 36. R8d6 Qb8 37. Bxf6 gxf6 38. Qd4 Rg8 39. Rxf6 Qf8 40. Rb6 Ba4 41.
Qxc4 Qg7 42. g4 b2 43. Rb1 Qe5 44. Qxf7+ Rg7 45. Rxh6+ Kxh6 46. Qh5# 1-0

[Event "MPL Indian Chess Tour #1"]
[Site "chess24.com INT"]
[Date "2022.04.01"]
[Round "7.3"]
[White "Karthikeyan, Murali"]
[Black "Harika, Dronavalli"]
[Result "1-0"]
[WhiteTitle "GM"]
[BlackTitle "GM"]
[WhiteElo "2622"]
[BlackElo "2517"]
[WhiteFideId "5074452"]
[BlackFideId "5015197"]
[EventDate "2022.03.31"]

1. e4 c5 2. Nf3 e6 3. d4 cxd4 4. Nxd4 Nc6 5. Nc3 Nf6 6. Nxc6 bxc6 7. e5 Nd5 8.
Ne4 Qc7 9. f4 Qb6 10. a3 Ba6 11. Bxa6 Qxa6 12. b3 f5 13. exf6 Nxf6 14. Nxf6+
gxf6 15. Qh5+ Kd8 16. Bb2 Be7 17. O-O-O Kc7 18. a4 Rae8 19. Rd3 c5 20. Rhd1 d5
21. f5 d4 22. fxe6 Qxe6 23. Kb1 Bd6 24. c3 Be5 25. cxd4 cxd4 26. Qf3 Kb8 27.
Bxd4 Re7 28. Bxe5+ Qxe5 29. Rd7 Qe4+ 30. Qxe4 Rxe4 31. R1d2 h5 32. Rf7 Re6 33.
Kb2 Rhe8 34. Rdd7 Rb6 35. Ka3 a6 36. Rh7 Kc8 37. Rdf7 Kb8 38. Rxh5 Ka8 39. Rhh7 1-0

[Event "MPL Indian Chess Tour #1"]
[Site "chess24.com INT"]
[Date "2022.04.01"]
[Round "7.4"]
[White "Aryan, Chopra"]
[Black "Adhiban, Baskaran"]
[Result "0-1"]
[WhiteTitle "GM"]
[BlackTitle "GM"]
[WhiteElo "2585"]
[BlackElo "2648"]
[WhiteFideId "5084423"]
[BlackFideId "5018471"]
[EventDate "2022.03.31"]

1. d4 d5 2. Nf3 Nf6 3. Bf4 c5 4. e3 g6 5. Nbd2 Bg7 6. c3 O-O 7. Bd3 Nc6 8. h3
Nd7 9. O-O e5 10. dxe5 Ndxe5 11. Nxe5 Nxe5 12. Bc2 Be6 13. a4 Rc8 14. a5 a6 15.
Re1 h6 16. Bg3 Nc6 17. Nb3 Qe7 18. Ra4 Rfd8 19. Bh4 g5 20. Bg3 f5 21. Qh5 Bf7
22. Qe2 f4 23. exf4 Qxe2 24. Rxe2 c4 25. Nc5 d4 26. Bf5 d3 27. Rd2 Rc7 28. fxg5
Re7 29. g6 Bd5 30. Ra1 Rde8 31. Kf1 Re2 32. Bf4 Be5 33. Bxh6 Bg7 34. Bf4 Be5 35.
Be3 Bxc3 36. bxc3 R8xe3 37. Rxe2 dxe2+ 38. Ke1 Rxc3 39. Be4 Bxe4 40. Nxe4 Rc2
41. h4 Ne5 42. Nc5 Nxg6 43. Nxb7 Nf4 0-1

[Event "MPL Indian Chess Tour #1"]
[Site "chess24.com INT"]
[Date "2022.04.01"]
[Round "7.6"]
[White "Sadhwani, Raunak"]
[Black "Sankalp, Gupta"]
[Result "1-0"]
[WhiteTitle "GM"]
[BlackTitle "GM"]
[WhiteElo "2616"]
[BlackElo "2536"]
[WhiteFideId "35093487"]
[BlackFideId "5097010"]
[EventDate "2022.03.31"]

1. d4 d5 2. Nf3 Nf6 3. c4 dxc4 4. e3 e6 5. Bxc4 a6 6. O-O c5 7. dxc5 Bxc5 8.
Qxd8+ Kxd8 9. Be2 Ke7 10. Nc3 Nc6 11. Nd2 b5 12. a4 b4 13. Nce4 Ba7 14. Nxf6
gxf6 15. Nb3 Bb7 16. Bd2 a5 17. Nxa5 Nxa5 18. Bxb4+ Ke8 19. Bxa5 Rg8 20. g3 h5
21. Rac1 h4 22. Bb4 hxg3 23. Bb5+ Kd8 24. Ba5+ Ke7 25. Rc7+ Kd6 26. Rxb7 gxh2+
27. Kh1 Rg6 28. Bc7+ Kd5 29. Rd1+ 1-0

[Event "MPL Indian Chess Tour #1"]
[Site "chess24.com INT"]
[Date "2022.04.01"]
[Round "7.7"]
[White "Gupta, Abhijeet"]
[Black "Puranik, Abhimanyu"]
[Result "0-1"]
[WhiteTitle "GM"]
[BlackTitle "GM"]
[WhiteElo "2628"]
[BlackElo "2618"]
[WhiteFideId "5010608"]
[BlackFideId "5061245"]
[EventDate "2022.03.31"]

1. d4 Nf6 2. c4 g6 3. Nc3 d5 4. Nf3 Bg7 5. cxd5 Nxd5 6. e4 Nxc3 7. bxc3 c5 8.
Bb5+ Nc6 9. d5 Bxc3+ 10. Bd2 Qa5 11. Rb1 a6 12. Ba4 Bxd2+ 13. Nxd2 b5 14. dxc6
Be6 15. O-O Rd8 16. Nb3 Qxa4 17. Nxc5 Rxd1 18. Nxa4 Rxf1+ 19. Kxf1 Kd8 20. Nc5
Bc4+ 21. Ke1 Kc7 22. Nxa6+ Kxc6 23. a3 Ra8 24. Nb4+ Kc5 25. Ra1 Kd4 26. Kd2 Kxe4
27. Kc3 Be6 28. Re1+ Kf5 29. Nc2 Kf6 30. Kb2 Rd8 31. Kc3 Bc4 32. Re3 e5 33. a4
Bf1 34. a5 Bxg2 35. Nb4 Bf1 36. Re1 Bc4 37. a6 Ra8 38. Ra1 Ke6 39. Nc2 Kd6 40.
Kb4 Kc6 41. Ka5 Rd8 42. Na3 Kc7 43. Rc1 Kb8 44. Rb1 Bd3 45. Rd1 Rd4 46. Kb6 b4
47. Nb1 Bxb1 48. Rxb1 Rd6+ 49. Kc5 Rxa6 50. Rxb4+ Kc7 51. Rb5 Rf6 52. Kd5 Rxf2
53. Ra5 Kd7 54. Ra7+ Ke8 55. h4 Rf5 56. Ra8+ Ke7 57. Ra7+ Kf6 0-1

[Event "MPL Indian Chess Tour #1"]
[Site "chess24.com INT"]
[Date "2022.04.01"]
[Round "7.8"]
[White "Iniyan, P"]
[Black "Lalith, Babu M R"]
[Result "1-0"]
[WhiteTitle "GM"]
[BlackTitle "GM"]
[WhiteElo "2516"]
[BlackElo "2558"]
[WhiteFideId "25002767"]
[BlackFideId "5024595"]
[EventDate "2022.03.31"]

1. d4 Nf6 2. c4 e6 3. Nc3 Bb4 4. e3 O-O 5. Bd3 b6 6. Nf3 Bb7 7. O-O c5 8. Na4
cxd4 9. exd4 Re8 10. a3 Be7 11. Re1 d6 12. b4 Nbd7 13. Bb2 Nf8 14. c5 Nd5 15.
Bb5 Rc8 16. Bxe8 Qxe8 17. Rc1 Ng6 18. cxb6 Rxc1 19. Bxc1 axb6 20. Nb2 Qc6 21.
Nd3 Nc3 22. Qc2 Nh4 23. Nxh4 Bxh4 24. Nf4 g5 25. d5 exd5 26. Nh5 d4 27. Re8+ 1-0

[Event "MPL Indian Chess Tour #1"]
[Site "chess24.com INT"]
[Date "2022.04.01"]
[Round "8.3"]
[White "Sankalp, Gupta"]
[Black "Gupta, Abhijeet"]
[Result "1/2-1/2"]
[WhiteTitle "GM"]
[BlackTitle "GM"]
[WhiteElo "2536"]
[BlackElo "2628"]
[WhiteFideId "5097010"]
[BlackFideId "5010608"]
[EventDate "2022.03.31"]

1. d4 Nf6 2. c4 g6 3. Nc3 d5 4. cxd5 Nxd5 5. e4 Nxc3 6. bxc3 Bg7 7. Qa4+ Qd7 8.
Qa3 b6 9. Nf3 Bb7 10. Bd3 O-O 11. O-O c5 12. Rd1 e6 13. Be3 Qc7 14. dxc5 Nd7 15.
cxb6 axb6 16. Qb3 Nc5 17. Bxc5 Qxc5 18. Rab1 Rfd8 19. Nd4 Rd6 20. Nb5 Rxd3 21.
Rxd3 Bxe4 22. Rbd1 Bxd3 23. Rxd3 Bf8 24. g3 Qf5 25. Rd2 Bc5 26. Nd4 Qe4 27. Qc2
Qb7 28. Nb3 Be7 29. h4 Rc8 30. Qd3 Qc6 31. Rc2 h5 32. c4 Bb4 33. Qe2 Rd8 34. Rc1
Rd7 35. Rc2 e5 36. Rc1 e4 37. Rd1 Rxd1+ 38. Qxd1 e3 39. fxe3 Bd6 40. Kf2 Qc7 41.
Qf3 Qxc4 42. Kg2 Kg7 43. Qf2 Be5 44. Nd4 b5 45. Nf3 Bf6 46. Qd2 b4 47. Kf2 Qe4
48. Qe2 Qb1 49. Qc4 Qb2+ 50. Kf1 Qb1+ 51. Kf2 Bc3 52. Ng5 Qf5+ 53. Kg2 Qd7 54.
Nf3 Qb7 55. Kf2 Qe7 56. Ke2 Bf6 57. Kf2 Qd6 58. Kg2 Be7 59. Kf2 Qc5 60. Qb3 Bf6
61. Qd3 Be7 62. Qb3 Qc7 63. Nd4 Bd6 64. Ne2 Bc5 65. Nf4 Qe5 66. Kf3 Qa1 67. Kf2
Qc1 68. Ne2 Qd2 69. Kf3 Qe1 70. Qb2+ Kg8 71. Qc1 Qxc1 72. Nxc1 Kf8 73. Nd3 Bd6
74. g4 hxg4+ 75. Kxg4 Ke7 76. h5 gxh5+ 77. Kxh5 Ke6 78. e4 Be7 79. Kg4 Kd7 80.
Kf5 Kc6 81. Nxb4+ Bxb4 82. Kf6 Bc3+ 83. Kxf7 Kd6 84. a4 Ke5 85. a5 Bxa5 86. Ke7
Kxe4 1/2-1/2

[Event "MPL Indian Chess Tour #1"]
[Site "chess24.com INT"]
[Date "2022.04.01"]
[Round "8.6"]
[White "Harika, Dronavalli"]
[Black "Aryan, Chopra"]
[Result "1/2-1/2"]
[WhiteTitle "GM"]
[BlackTitle "GM"]
[WhiteElo "2517"]
[BlackElo "2585"]
[WhiteFideId "5015197"]
[BlackFideId "5084423"]
[EventDate "2022.03.31"]

1. e4 c6 2. d4 d5 3. exd5 cxd5 4. Bd3 Nc6 5. c3 Nf6 6. Bf4 Bg4 7. Qb3 Qd7 8. Nd2
e6 9. Ngf3 Bd6 10. Bxd6 Qxd6 11. O-O O-O 12. Rae1 Bxf3 13. Nxf3 Qc7 14. Qc2 Rab8
15. Ne5 Rfc8 16. Qe2 Nxe5 17. dxe5 Nd7 18. f4 Re8 19. Kh1 Rbd8 20. Rf3 Nc5 21.
Rd1 Nxd3 22. Qxd3 Qc4 23. a3 Qxd3 24. Rfxd3 Rc8 25. Rd4 Kf8 26. Kg1 Ke7 27. Kf2
Rc5 28. Ke3 Rec8 29. g4 h5 30. g5 g6 31. h4 a5 32. R1d3 Kd7 33. Kd2 R8c6 34. Kc2
Kc7 35. Rd1 Rb6 36. R1d2 Rcb5 37. Kb1 Rc5 38. Kc2 Rbc6 39. Rd1 b5 40. R1d3 Kb6
41. b3 Ka6 42. Kb2 Rc7 43. Re3 Rb7 44. Red3 Rbc7 45. Re3 Rb7 46. Red3 Rc8 47.
Rd2 Rc5 48. R2d3 1/2-1/2

[Event "MPL Indian Chess Tour #1"]
[Site "chess24.com INT"]
[Date "2022.04.01"]
[Round "8.8"]
[White "Mendonca, Leon Luke"]
[Black "Narayanan, S.L."]
[Result "1-0"]
[WhiteTitle "GM"]
[BlackTitle "GM"]
[WhiteElo "2536"]
[BlackElo "2658"]
[WhiteFideId "35028561"]
[BlackFideId "5058422"]
[EventDate "2022.03.31"]

1. d4 d5 2. Nf3 Nf6 3. c4 e6 4. Nc3 c6 5. e3 Nbd7 6. Qc2 Bd6 7. Bd3 dxc4 8. Bxc4
a6 9. O-O O-O 10. Rd1 Qc7 11. Ne4 Nxe4 12. Qxe4 e5 13. Qh4 Nf6 14. dxe5 Bxe5 15.
Nxe5 Qxe5 16. Qd4 Qh5 17. f3 c5 18. Qd2 b5 19. Be2 Be6 20. e4 h6 21. Qc2 c4 22.
Be3 Rac8 23. a3 a5 24. Qd2 Ra8 25. Bf1 Nd7 26. Qd6 Rfc8 27. Rac1 Ne5 28. Qb6
Rcb8 29. Qc5 Rc8 30. Qb6 Rc6 31. Rd8+ Kh7 32. Qxc6 Rxd8 33. Qc5 Rd2 34. Kh1 Rxb2
35. Bd4 Rb3 36. Bxe5 f6 37. Bd4 Qxc5 38. Bxc5 b4 39. axb4 axb4 40. Bxc4 Bxc4 41.
Rxc4 Rb1+ 42. Bg1 g5 43. h3 h5 44. Kh2 b3 45. Rb4 Kg6 46. Rb6 g4 47. hxg4 hxg4
48. Bd4 gxf3 49. gxf3 Kg5 50. Kg3 b2 51. Bxf6+ Kh5 52. Rb5+ 1-0

[Event "MPL Indian Chess Tour #1"]
[Site "chess24.com INT"]
[Date "2022.04.02"]
[Round "9.1"]
[White "Narayanan, S.L."]
[Black "Sethuraman, S.P."]
[Result "1-0"]
[WhiteTitle "GM"]
[BlackTitle "GM"]
[WhiteElo "2658"]
[BlackElo "2619"]
[WhiteFideId "5058422"]
[BlackFideId "5021596"]
[EventDate "2022.03.31"]

1. d4 e6 2. e4 d5 3. Nd2 c5 4. exd5 Qxd5 5. Ngf3 cxd4 6. Bc4 Qd7 7. O-O Nc6 8.
Nb3 a6 9. Qe2 b5 10. Bd3 Nf6 11. Rd1 Bb7 12. a4 bxa4 13. Nbxd4 Nxd4 14. Nxd4 Bc5
15. Be3 Nd5 16. Nxe6 Bxe3 17. Nc5 Qe7 18. Nxb7 Qxb7 19. Be4 Nc3 20. Bxb7 Nxe2+
21. Kf1 Rb8 22. Bc6+ Ke7 23. fxe3 Rxb2 24. Rxa4 Rc8 25. Rd7+ Kf8 26. Rc4 Nc1 27.
Rxf7+ Kxf7 28. Bd5+ Kf6 29. Rxc8 a5 30. Ke1 Na2 31. Kd2 Nb4 32. Kc1 Rxc2+ 33.
Rxc2 Nxd5 34. Kd2 Ke5 35. Ra2 1-0

[Event "MPL Indian Chess Tour #1"]
[Site "chess24.com INT"]
[Date "2022.04.02"]
[Round "9.2"]
[White "Karthikeyan, Murali"]
[Black "Mendonca, Leon Luke"]
[Result "1-0"]
[WhiteTitle "GM"]
[BlackTitle "GM"]
[WhiteElo "2622"]
[BlackElo "2536"]
[WhiteFideId "5074452"]
[BlackFideId "35028561"]
[EventDate "2022.03.31"]

1. e4 c5 2. Nf3 d6 3. d4 cxd4 4. Nxd4 Nf6 5. Nc3 a6 6. Bd3 e5 7. Nde2 Be7 8. O-O
O-O 9. h3 b5 10. Ng3 Nbd7 11. Nf5 b4 12. Ne2 Nc5 13. Neg3 Re8 14. a3 bxa3 15.
Rxa3 Be6 16. Bg5 h6 17. Bh4 Bf8 18. Qd2 Kh7 19. b4 Nxd3 20. Rxd3 Nxe4 21. Nxe4
g5 22. Nfxd6 Bxd6 23. Rxd6 Qe7 24. Bg3 f5 25. Nc5 Rad8 26. Bxe5 1-0